书目信息 |
| 题名: |
工程数学习题课精讲
|
|
| 作者: | 赵玉环 编 | |
| 分册: | ||
| 出版信息: | 天津 天津大学出版社 1999.08 |
|
| 页数: | 329页 | |
| 开本: | 32开 | |
| 丛书名: | ||
| 单 册: | ||
| 中图分类: | TB11-44 | |
| 科图分类: | ||
| 主题词: | 工程数学 | |
| 电子资源: | ||
| ISBN: | 7-5618-1227-2 | |
| 000 | 00534nam0 2200181 45 | |
| 001 | 0010110973 | |
| 005 | 20001218161519.6 | |
| 010 | @a7-5618-1227-2@d16.00元 | |
| 100 | @a20001011d1999 km y0chiy0120 ea | |
| 101 | 0 | @achi |
| 200 | 1 | @a工程数学习题课精讲@AGong Cheng Shu Xue Xi Ti Ke Jing Jiang@f赵玉环等编@FZhao Yu Huan Deng Bian |
| 210 | @a天津@c天津大学出版社@d1999.08 | |
| 215 | @a329页@d32开 | |
| 606 | 0 | @a工程数学 |
| 690 | @aTB11-44@v3 | |
| 701 | 0 | @a赵玉环@4编 |
| 801 | @aCN@bPftUser@c20001011 | |
| 905 | @dTB11-44@eZH335@b308711@f1 | |
| 工程数学习题课精讲/赵玉环等编.-天津:天津大学出版社,1999.08 |
| 329页;32开 |
| ISBN 7-5618-1227-2:16.00元 |
| ● |
| 相关链接 |
|
|
|
正题名:工程数学习题课精讲
索取号:TB11-44/ZH335
 
预约/预借
| 序号 | 登录号 | 条形码 | 馆藏地/架位号 | 状态 | 备注 |
| 1 | 356771 | 203567719 | 自科二线504/504自科库 11排4列2层/ [索取号:TB11-44/ZH335] | 在馆 | |
| 2 | 356772 | 203567728 | 自科库501/501自科库 1排4列4层/ [索取号:TB11-44/ZH335] | 在馆 | |
| 3 | 356773 | 203567737 | 自科库501/501自科库 1排4列4层/ [索取号:TB11-44/ZH335] | 在馆 | |
| 4 | 64441 | 200644419 | 自科二线504/504自科库 40排2列1层/ [索取号:TB11-44/ZH335] | 在馆 | |
| 5 | 64442 | 200644428 | 自科二线504/504自科库 11排4列2层/ [索取号:TB11-44/ZH335] | 在馆 | |
| 6 | 64443 | 200644437 | 自科二线504/504自科库 40排2列1层/ [索取号:TB11-44/ZH335] | 在馆 | |
| 7 | 64444 | 200644446 | 自科二线504/504自科库 11排4列2层/ [索取号:TB11-44/ZH335] | 在馆 | |
| 8 | 64445 | 200644455 | 自科库501/501自科库 1排4列4层/ [索取号:TB11-44/ZH335] | 在馆 | |
| 9 | 64446 | 200644464 | 自科二线504/504自科库 11排4列2层/ [索取号:TB11-44/ZH335] | 在馆 | |
| 10 | 64447 | 200644473 | 自科二线504/504自科库 11排4列2层/ [索取号:TB11-44/ZH335] | 在馆 | |
| 11 | 64448 | 200644482 | 自科二线504/504自科库 11排4列2层/ [索取号:TB11-44/ZH335] | 在馆 | |
| 12 | 64449 | 200644491 | 自科二线504/504自科库 40排2列1层/ [索取号:TB11-44/ZH335] | 在馆 | |
| 13 | 64450 | 200644507 | 自科二线504/504自科库 11排4列2层/ [索取号:TB11-44/ZH335] | 在馆 | |
| 14 | 64451 | 200644516 | 自科二线504/504自科库 11排4列2层/ [索取号:TB11-44/ZH335] | 在馆 | |
| 15 | 64452 | 200644525 | 自科二线504/504自科库 40排2列1层/ [索取号:TB11-44/ZH335] | 在馆 | |
| 16 | 64453 | 200644534 | 自科二线504/504自科库 40排2列1层/ [索取号:TB11-44/ZH335] | 在馆 | |
| 17 | 64454 | 200644543 | 自科库501/ [索取号:TB11-44/ZH335] | 在馆 | |
| 18 | 64455 | 200644552 | 自科二线504/504自科库 11排4列2层/ [索取号:TB11-44/ZH335] | 在馆 | |
| 19 | 64456 | 200644561 | 自科二线504/504自科库 11排4列2层/ [索取号:TB11-44/ZH335] | 在馆 | |
| 20 | 64457 | 200644570 | 自科二线504/504自科库 40排2列1层/ [索取号:TB11-44/ZH335] | 在馆 | |
| 21 | 64458 | 200644589 | 自科二线504/504自科库 11排4列2层/ [索取号:TB11-44/ZH335] | 在馆 | |
| 22 | 64459 | 200644598 | 自科二线504/504自科库 11排4列2层/ [索取号:TB11-44/ZH335] | 在馆 |